Khảo sát ảnh hưởng của hai dòng vi khuẩn PH27 và TN20 phân lập từ đất vùng rễ lúa đối với lúa trồng ở điều kiện ngoài đồng : : Báo cáo tổng kết đề tài Khoa học Công nghệ cấp trường

Nội dung đề tài xác định được mức độ thay thế phân đạm của từng dòng vi khuẩn khảo sát trên lúa cao sản. So sánh hiệu quả tương tác của hai chủng vi khuân vủng rễ với lúa cao san ở điều kiện thực tế đồng ruộng....

全面介紹

Đã lưu trong:
書目詳細資料
主要作者: Nguyễn, Thị Pha
格式: 圖書
語言:Undetermined
出版: Cần Thơ Trường Đại học Cần Thơ 2013
主題:
標簽: 添加標簽
沒有標簽, 成為第一個標記此記錄!
Thư viện lưu trữ: Trung tâm Học liệu Trường Đại học Cần Thơ
LEADER 01253nam a2200241Ia 4500
001 CTU_204567
008 210402s9999 xx 000 0 und d
082 |a 633.18 
082 |b Ph100 
088 |a TNCS2013-22 
100 |a Nguyễn, Thị Pha 
245 0 |a Khảo sát ảnh hưởng của hai dòng vi khuẩn PH27 và TN20 phân lập từ đất vùng rễ lúa đối với lúa trồng ở điều kiện ngoài đồng : : 
245 0 |b Báo cáo tổng kết đề tài Khoa học Công nghệ cấp trường 
245 0 |c Nguyễn Thị Pha 
260 |a Cần Thơ 
260 |b Trường Đại học Cần Thơ 
260 |c 2013 
520 |a Nội dung đề tài xác định được mức độ thay thế phân đạm của từng dòng vi khuẩn khảo sát trên lúa cao sản. So sánh hiệu quả tương tác của hai chủng vi khuân vủng rễ với lúa cao san ở điều kiện thực tế đồng ruộng. 
650 |a Cây lúa,Biotechnology,Rice 
650 |x Công nghệ sinh học 
904 |i Qhieu 
915 |a CS 
980 |a Trung tâm Học liệu Trường Đại học Cần Thơ